[Event "AUTO-ADV-145"]
[Site "http://www.queenalice.com/game.php?id=55833"]
[Date "2006.3.5"]
[Round "1"]
[White "Gand"]
[Black "jajerduco"]
[Result "0-1"]
[WhiteElo "1638"]
[BlackElo "1420"]

1. e4 b6 2. Nc3 e5 3. Nf3 Nc6 4. Bb5 Bb7 5. Bxc6 Bxc6 6. O-O d6 7. d4 f6 8. d5
Bb7 9. Qe2 a6 10. Be3 Ne7 11. Rad1 c5 12. dxc6 Nxc6 13. Nd5 Nd4 14. Nxd4 Bxd5
0-1

[Event "AUTO-ADV-145"]
[Site "http://www.queenalice.com/game.php?id=55840"]
[Date "2006.3.5"]
[Round "1"]
[White "aarongale"]
[Black "Gand"]
[Result "0-1"]
[WhiteElo "1656"]
[BlackElo "1619"]

1. e4 e5 2. Nf3 Nc6 3. Bb5 a6 4. Bxc6 dxc6 5. Nxe5 Qd4 6. f4 Qxe4+ 7. Qe2 Qxc2
8. O-O Bc5+ 9. Kh1 Ne7 10. Nc3 O-O 11. g4 Nd5 12. Nxd5 cxd5 13. d4 Qxe2 0-1

[Event "AUTO-ADV-145"]
[Site "http://www.queenalice.com/game.php?id=55841"]
[Date "2006.3.5"]
[Round "1"]
[White "Gand"]
[Black "aarongale"]
[Result "0-1"]
[WhiteElo "1573"]
[BlackElo "1562"]

1. e4 e5 2. Nc3 Nf6 3. Bc4 Nc6 4. Nf3 Bc5 5. d3 d6 6. O-O Nd4 7. Nxd4 Bxd4 8.
Nb5 c5 9. c3 a6 10. Na3 b5 11. Bd5 Nxd5 12. exd5 Bxf2+ 13. Rxf2 Qh4 14. Qf3 O-O
15. Qe4 Bg4 16. Qe3 c4 17. dxc4 Rab8 18. Qa7 Ra8 19. Qb7 bxc4 20. Nxc4 Qd8 21.
Be3 f5 22. h3 Bh5 23. Ba7 Rf7 24. Qxa6 Rfxa7 25. Nxd6 Rxa6 0-1

[Event "Março 2006"]
[Site "http://www.queenalice.com/game.php?id=58276"]
[Date "2006.3.20"]
[Round "-"]
[White "mauricio_sm"]
[Black "Gand"]
[Result "0-1"]
[WhiteElo "1744"]
[BlackElo "1630"]

1. e4 e5 2. Nf3 Nc6 3. d4 exd4 4. Nxd4 Qh4 5. Nc3 Bb4 6. Qd3 Bxc3+ 7. bxc3 Nf6
8. g3 Qxe4+ 9. Qxe4+ Nxe4 10. Nxc6 dxc6 11. Bb2 O-O 12. Bd3 Re8 13. O-O-O Nxf2
14. Rhe1 Be6 15. Rd2 Nxd3+ 16. cxd3 Bxa2 17. Rxe8+ Rxe8 18. c4 Bb3 19. Bc3 b5
20. cxb5 cxb5 21. Kb2 Bd5 22. Ka3 c5 23. Ba5 Re3 24. Kb2 Bf3 25. d4 c4 26. d5 b4
27. Bxb4 Rb3+ 28. Kc2 Rxb4 29. d6 Rb8 30. Kc3 Bg4 31. Kxc4 Rc8+ 32. Kb5 Bd7+ 33.
Ka6 Rc5 34. Kxa7 Rb5 35. Rc2 Rd5 36. Rb2 f5 37. Rb6 Kf7 38. Kb7 Ke6 39. Kc7 Rd2
40. h3 Rc2+ 41. Kb7 Rc3 42. Ka6 Rxg3 43. Ka5 Rxh3 44. Kb4 Rd3 45. Kc5 Rd5+ 46.
Kc4 g5 47. Rb3 h5 48. Re3+ Kxd6 49. Ra3 Bb5+ 50. Kb4 h4 51. Ra8 g4 52. Rb8 h3
53. Rd8+ Ke5 54. Rh8 f4 55. Rh5+ Ke4 56. Rh6 f3 57. Re6+ Kf4 58. Rf6+ Ke3 59.
Re6+ Kf2 60. Rh6 Kg2 61. Rh4 g3 62. Re4 h2 63. Re1 f2 64. Rc1 h1=Q 65. Rxh1 Kxh1
66. Kb3 f1=Q 67. Kc2 Qd3+ 68. Kb2 Rc5 69. Ka2 Rc2+ 70. Kb1 Qd1# 0-1

[Event "Challenge"]
[Site "http://www.queenalice.com/game.php?id=64857"]
[Date "2006.4.22"]
[Round "-"]
[White "Yunta"]
[Black "Gand"]
[Result "1-0"]
[WhiteElo "1631"]
[BlackElo "1647"]

1. e4 e5 2. Bc4 Bc5 3. Nf3 Nc6 4. O-O Nf6 5. d3 d6 6. Nc3 Be6 7. Ng5 Bxc4 8.
dxc4 O-O 9. Nd5 h6 10. Nh3 Nxe4 11. Qg4 f5 12. Qh5 Nd4 13. c3 Nc2 14. Rb1 c6 15.
b4 cxd5 16. bxc5 Nxc3 17. Rxb7 dxc4 18. Rxg7+ Kxg7 19. Bxh6+ Kf6 20. Bg5+ Ke6
21. Bxd8 Raxd8 22. Ng5+ Kd5 23. Rc1 Rb8 24. Qf3+ Ne4 25. Rd1+ Kxc5 26. Ne6+ Kb4
27. Nxf8 Rxf8 28. Rb1+ Kc5 29. a4 d5 30. Rb2 Nb4 31. Qe3+ d4 32. Qh6 Rf6 33. Qg7
c3 34. Qe7+ Rd6 35. Qc7+ Nc6 36. Rb5+ Kc4 37. Qf7+ Kd3 38. Qxf5 c2 39. Qf3+ Kd2
40. Rb2 Nc3 41. Kf1 Nb4 42. g4 Nd3 43. Rxc2+ Kxc2 44. a5 Ra6 45. g5 Rxa5 46. Qf5
Ra1+ 47. Kg2 1-0

[Event "Spain x Brazil"]
[Site "http://www.queenalice.com/game.php?id=71210"]
[Date "2006.5.24"]
[Round "-"]
[White "Gand"]
[Black "franckscarduelli"]
[Result "1-0"]
[WhiteElo "1557"]
[BlackElo "1528"]

1. e4 e5 2. Nf3 Nc6 3. d4 d6 4. d5 Nb4 5. a3 Na6 6. Be3 Nf6 7. Nc3 Be7 8. Bc4 c6
9. Bxa6 bxa6 10. dxc6 Qa5 11. Qd3 O-O 12. O-O Qc7 13. Nd5 Nxd5 14. exd5 g6 15.
Rac1 Bf5 16. Qxa6 Be4 17. Qc4 f5 18. Nd2 f4 19. Nxe4 fxe3 20. fxe3 Bh4 21. g3
Be7 22. a4 Bd8 23. Rxf8+ Kxf8 24. Rf1+ Kg8 25. Qe2 Kg7 26. Qf3 Rb8 27. Qf8# 1-0

[Event "14 MATCH CAL ESP 01"]
[Site "http://www.queenalice.com/game.php?id=73038"]
[Date "2006.5.30"]
[Round "-"]
[White "Gand"]
[Black "JAVA"]
[Result "1-0"]
[WhiteElo "1545"]
[BlackElo "1383"]

1. e4 e5 2. Nf3 d6 3. d4 f6 4. Nc3 Bg4 5. Be3 Nd7 6. Be2 Bxf3 7. Bxf3 g6 8. dxe5
fxe5 9. O-O Ngf6 10. Qd2 b6 11. Rad1 h5 12. Bg5 Be7 13. Bxf6 Bxf6 14. Nd5 g5 15.
Qc3 Nc5 16. b4 g4 17. bxc5 bxc5 18. Be2 g3 19. fxg3 Bg7 20. Bb5+ Qd7 21. Bxd7+
Kxd7 22. Rf7+ Ke6 23. Re7# 1-0

[Event "QA-ANNIV-02"]
[Site "http://www.queenalice.com/game.php?id=76741"]
[Date "2006.6.15"]
[Round "1"]
[White "Kaka"]
[Black "Gand"]
[Result "1-0"]
[WhiteElo "1303"]
[BlackElo "1572"]

1. d4 d5 2. h3 Bf5 3. Nf3 Nc6 4. g4 Be4 5. Bg2 Nf6 6. Nc3 e6 7. a3 Bd6 8. O-O
O-O 9. Bg5 h6 10. Bh4 Bg6 11. b4 Qe7 12. Qd2 Rfe8 13. g5 1-0

[Event "AUTO-OPEN-322"]
[Site "http://www.queenalice.com/game.php?id=85303"]
[Date "2006.7.12"]
[Round "1"]
[White "claudiofer"]
[Black "Gand"]
[Result "0-1"]
[WhiteElo "1669"]
[BlackElo "1638"]

1. e4 c6 2. Nf3 d5 3. exd5 cxd5 4. Ng5 e5 5. d3 Bb4+ 6. c3 Be7 7. Nf3 Nc6 8. Be2
Nf6 9. b4 e4 10. Nfd2 exd3 11. Bxd3 d4 12. Bb2 dxc3 13. Bxc3 Qxd3 14. h4 Nxb4
15. Qa4+ Bd7 16. Qb3 Bb5 17. Kd1 Qe2+ 18. Kc1 Rc8 19. Kb2 Nbd5 20. a4 Nxc3 21.
Rc1 O-O 22. Rxc3 Bc6 23. Re3 Qxf2 24. Rxe7 Bd5 25. Qe3 Qxe3 26. Rxe3 Bxg2 27.
Na3 Rfd8 28. Nab1 Rd4 29. Rg3 Bc6 0-1

[Event "AUTO-OPEN-322"]
[Site "http://www.queenalice.com/game.php?id=85304"]
[Date "2006.7.12"]
[Round "1"]
[White "Gand"]
[Black "claudiofer"]
[Result "1-0"]
[WhiteElo "1575"]
[BlackElo "1755"]

1. e4 e5 2. Nc3 Qf6 3. Nf3 Ne7 4. Bc4 c6 5. d4 Qg6 6. Nxe5 Qxg2 7. Bxf7+ Kd8 8.
Qf3 Qxf3 9. Nxf3 g6 10. Bg5 Bg7 11. Bc4 Rf8 12. Ne5 Bxe5 13. dxe5 Re8 14. O-O-O
b6 15. f4 b5 16. Be6 Na6 17. Kb1 Nc5 18. Bf7 Rf8 19. Bb3 Bb7 20. e6 d5 21. exd5
cxd5 22. Bxd5 Ke8 23. Bxb7 Nxb7 24. Nxb5 Rc8 25. Nxa7 Ra8 26. Rd7 Rxa7 27. Rxe7+
Kd8 28. Rxb7+ Ke8 29. Rb8# 1-0

[Event "AUTO-OPEN-322"]
[Site "http://www.queenalice.com/game.php?id=85315"]
[Date "2006.7.12"]
[Round "1"]
[White "Gand"]
[Black "danieltan"]
[Result "0-1"]
[WhiteElo "1657"]
[BlackElo "1816"]

1. e4 e5 2. Bc4 Bc5 3. Nf3 Nc6 4. O-O Nf6 5. d3 O-O 6. c3 d5 7. exd5 Nxd5 8. Bg5
Qd7 9. Nbd2 Nce7 10. Nxe5 Qf5 11. Ndf3 f6 12. d4 fxg5 13. dxc5 Be6 14. Re1 Rad8
15. Qe2 Nf4 16. Bxe6+ Nxe6 17. Nd7 Rxd7 18. Qxe6+ Qxe6 19. Rxe6 Rf6 20. Nxg5
Rxe6 21. Nxe6 Kf7 22. Re1 c6 23. Ng5+ Kg6 24. Ne4 Nf5 25. f4 Re7 26. g4 Nh4 27.
Kf2 h6 28. Kg3 Nf5+ 29. gxf5+ Kxf5 30. Nd6+ Kf6 31. Rxe7 Kxe7 0-1

[Event "AUTO-OPEN-322"]
[Site "http://www.queenalice.com/game.php?id=85316"]
[Date "2006.7.12"]
[Round "1"]
[White "danieltan"]
[Black "Gand"]
[Result "0-1"]
[WhiteElo "1748"]
[BlackElo "1598"]

1. e4 c6 2. d4 d5 3. Nc3 dxe4 4. Nxe4 Nf6 5. f3 Nxe4 6. fxe4 e5 7. Nf3 exd4 8.
Nxd4 Qh4+ 9. g3 Qxe4+ 10. Qe2 Bb4+ 11. Bd2 Bxd2+ 12. Kxd2 Qxe2+ 13. Bxe2 O-O 14.
Rad1 Re8 15. Bd3 Bg4 16. Rde1 Nd7 17. a3 Ne5 18. Re3 Rad8 19. Rhe1 Rd5 20. c3 c5
21. Nb5 Nc4+ 22. Kc1 Rxe3 0-1

[Event "Match Brasil-España Board 12"]
[Site "http://www.queenalice.com/game.php?id=105181"]
[Date "2006.9.12"]
[Round "-"]
[White "Vini"]
[Black "Gand"]
[Result "0-1"]
[WhiteElo "1675"]
[BlackElo "1620"]

1. e4 c6 2. d4 Nf6 3. Nc3 d5 4. e5 Nfd7 5. Nf3 Nb6 6. Be2 Bf5 7. O-O N8d7 8. Nh4
Be6 9. f4 f5 10. g4 fxg4 11. Bxg4 Bxg4 12. Qxg4 Qc7 13. f5 O-O-O 0-1